Nicki Minaj's "FTCU" Lyrics - Statistics

General Stats
  • This quiz has been taken 22 times
    6 since last reset
  • The average score is 206 of 318
Answer Stats
Answer % Correct
a
100%
club
100%
fuck
100%
Fuck
100%
heels
100%
high
100%
I
100%
my
100%
on
100%
on,
100%
the
100%
this
100%
this,
100%
tippies
100%
up,
100%
up
100%
you
100%
and
83%
Bitch,
83%
bitch,
83%
dickie
83%
Dolce
83%
Got
83%
got
83%
in
83%
it"
83%
it
83%
it,
83%
ride
83%
that
83%
that's
83%
titties
83%
when
83%
When
83%
50"
67%
bitches
67%
buy
67%
Come
67%
fifty,
67%
Gabbana,
67%
juice,
67%
keep
67%
like
67%
me,
67%
me
67%
Nicki?
67%
nigga,
67%
nine-
67%
play
67%
sippie
67%
sissy
67%
"Spray
67%
who
67%
win
67%
with
67%
about
50%
ain't
50%
could
50%
cut
50%
'em
50%
fifty,
50%
I'm
50%
mine
50%
nah
50%
never
50%
niggas,
50%
niggas
50%
not
50%
now
50%
"Okay,
50%
power,
50%
prove
50%
so
50%
Stay
50%
still
50%
tell
50%
tellin'
50%
Then
50%
these
50%
they
50%
to
50%
Vetements
50%
wanna
50%
was
50%
we
50%
will
50%
again
33%
am
33%
around
33%
around,
33%
ate,
33%
ate
33%
away
33%
Ayo
33%
bang
33%
become
33%
bitchy
33%
blew
33%
brickies
33%
bye
33%
catch,
33%
Cop
33%
crown,
33%
Distribute
33%
dollars
33%
(Flocka)
33%
fraternal
33%
give
33%
Give
33%
gon'
33%
gotta
33%
identical
33%
Iggy
33%
invisible
33%
just
33%
know
33%
lane,
33%
leave
33%
lie,
33%
lose
33%
Mickey
33%
milli'
33%
million
33%
Minus
33%
mitty
33%
movin'
33%
music
33%
only
33%
or
33%
put
33%
read,
33%
really
33%
Richie
33%
Sleeze
33%
slippy
33%
Spotify
33%
streamin'
33%
such
33%
take
33%
tens
33%
throw
33%
Told
33%
Tory
33%
tryna
33%
twinnin',
33%
two,
33%
units,
33%
videos,
33%
view
33%
wave,
33%
wave
33%
worth
33%
ya
33%
Yeah,
33%
(Brr)
17%
Chiddy
17%
Mm,
17%
of
17%
Uh,
17%
(Woo)
17%
No matching quizzes found
Score Distribution
Percent of People with Each Score
Percentile by Number Answered
Your Score History
You have not taken this quiz since the last reset